000 00589nam a2200193Ia 4500
008 151119s9999||||xx |||||||||||||| ||und||
082 _a792
082 _bGKKV28081
100 _a"राजाध्यक्ष, आशीष आणि इतर"
245 _aबातचीत
260 _a--
260 _b--
260 _c0
600 _a"राजाध्यक्ष, आशीष आणि इतर"
630 _aबातचीत
700 _a"राजाध्यक्ष, आशीष आणि इतर"
730 _aबातचीत
942 _cBOOK
999 _c1080493
_d1080490